The Dead Sea scrolls : (Record no. 8750)
[ view plain ]
| 000 -LEADER | |
|---|---|
| fixed length control field | 01051cam a22003254a 4500 |
| 001 - CONTROL NUMBER | |
| control field | 13949964 |
| 003 - CONTROL NUMBER IDENTIFIER | |
| control field | OSt |
| 005 - DATE AND TIME OF LATEST TRANSACTION | |
| control field | 20140310182038.0 |
| 008 - FIXED-LENGTH DATA ELEMENTS--GENERAL INFORMATION | |
| fixed length control field | 050503s2005 cau b 001 0 eng |
| 010 ## - LIBRARY OF CONGRESS CONTROL NUMBER | |
| LC control number | 2005046285 |
| 020 ## - INTERNATIONAL STANDARD BOOK NUMBER | |
| International Standard Book Number | 006076662X (pbk) |
| 040 ## - CATALOGING SOURCE | |
| Original cataloging agency | DLC |
| Transcribing agency | DLC |
| Modifying agency | DLC |
| 041 1# - LANGUAGE CODE | |
| Language code of text/sound track or separate title | eng |
| Language code of original and/or intermediate translations of text | heb |
| -- | arc |
| 042 ## - AUTHENTICATION CODE | |
| Authentication code | pcc |
| 050 00 - LIBRARY OF CONGRESS CALL NUMBER | |
| Classification number | BM 487 |
| Item number | .D278 2005 |
| 082 00 - DEWEY DECIMAL CLASSIFICATION NUMBER | |
| Classification number | HS 296.1 |
| Item number | D36 2005 |
| 130 0# - MAIN ENTRY--UNIFORM TITLE | |
| Uniform title | Dead Sea scrolls. |
| Language of a work | English. |
| 9 (RLIN) | 10978 |
| 245 14 - TITLE STATEMENT | |
| Title | The Dead Sea scrolls : |
| Remainder of title | a new translation / |
| 250 ## - EDITION STATEMENT | |
| Edition statement | Rev. ed. |
| 260 ## - PUBLICATION, DISTRIBUTION, ETC. (IMPRINT) | |
| Place of publication, distribution, etc | San Francisco : |
| Name of publisher, distributor, etc | HarperSanFrancisco, |
| Date of publication, distribution, etc | c2005. |
| 300 ## - PHYSICAL DESCRIPTION | |
| Extent | 662 p. : |
| Dimensions | 23 cm. |
| 500 ## - GENERAL NOTE | |
| General note | Includes bibliographical references (p. [635]-646) and indexes. |
| 700 1# - ADDED ENTRY--PERSONAL NAME | |
| Personal name | Wise, Michael Owen, |
| Dates associated with a name | 1954- |
| 9 (RLIN) | 10979 |
| 700 1# - ADDED ENTRY--PERSONAL NAME | |
| Personal name | Abegg, Martin G. |
| 9 (RLIN) | 10980 |
| 700 1# - ADDED ENTRY--PERSONAL NAME | |
| Personal name | Cook, Edward M. |
| 9 (RLIN) | 10981 |
| 906 ## - LOCAL DATA ELEMENT F, LDF (RLIN) | |
| a | 7 |
| b | cbc |
| c | orignew |
| d | 1 |
| e | ocip |
| f | 20 |
| g | y-gencatlg |
| 942 ## - ADDED ENTRY ELEMENTS (KOHA) | |
| Source of classification or shelving scheme | Library of Congress Classification |
| Koha item type | |
| Call number prefix | |
| Withdrawn status | Lost status | Source of classification or shelving scheme | Damaged status | Home library | Current library | Shelving location | Date acquired | Total Checkouts | Full call number | Barcode | Date last seen | Copy number | Price effective from | Koha item type |
|---|---|---|---|---|---|---|---|---|---|---|---|---|---|---|
| Library of Congress Classification | Luxembourg Library | Luxembourg Library | High School Section | 08/15/2013 | BM 487 .D278 2005 | 16573 | 08/15/2013 | 1 | 08/15/2013 | Books |